UEFA Club Competitions 2025/26 First XI - Statistics

General Stats
  • This quiz has been taken 106 times
  • The average score is 264 of 1188
Answer Stats
Club Position Nationality Player % Correct
Athletic Club GK Unai Simón
86%
Juventus AM Jonathan David
83%
Union SG FW Promise David
83%
Arsenal FW Viktor Gyökeres
83%
Arsenal GK David Raya
81%
Arsenal RM Mikel Merino
80%
Tottenham FW Richarlison
80%
Benfica CB António Silva
78%
Manchester City RM Bernardo Silva
78%
Arsenal LM Declan Rice
78%
Athletic Club FW Iñaki Williams
78%
Arsenal CM Martín Zubimendi
78%
Qarabag RB Matheus Silva
78%
Nottingham Forest RB Neco Williams
78%
Liverpool LW Cody Gakpo
77%
Tottenham CB Cristian Romero
77%
Tottenham GK Guglielmo Vicario
77%
Arsenal RB Jurriën Timber
77%
Real Madrid FW Kylian Mbappé
77%
Feyenoord DM Quinten Timber
77%
Arsenal LB Riccardo Calafiori
77%
Manchester City DM Rodri
77%
Liverpool CB Virgil van Dijk
77%
Liverpool FW Alexander Isak
75%
Liverpool GK Alisson
75%
Real Madrid AM Arda Güler
75%
Real Madrid DM Aurélien Tchouaméni
75%
Liverpool DM Dominik Szoboszlai
75%
Real Madrid DM Federico Valverde
75%
Liverpool AM Florian Wirtz
75%
Manchester City GK Gianluigi Donnarumma
75%
Liverpool CB Ibrahima Konaté
75%
Basel RW Ibrahim Salah
75%
Manchester City LM Jeremy Doku
75%
Juventus AM Kenan Yıldız
75%
Juventus CM Khéphren Thuram
75%
Bayern Munich LW Luis Díaz
75%
Inter FW Marcus Thuram
75%
Tottenham CB Micky van de Ven
75%
Liverpool RW Mohamed Salah
75%
Barcelona FW Robert Lewandowski
75%
Real Madrid LW Rodrygo
75%
Manchester City CB Rúben Dias
75%
Liverpool DM Ryan Gravenberch
75%
Real Madrid GK Thibaut Courtois
75%
Real Madrid RB Trent Alexander-Arnold
75%
Rayo Vallecano LW Álvaro García
73%
Liverpool LB Andrew Robertson
73%
Olympiacos DM Dani García
73%
Real Madrid CB Éder Militão
73%
Chelsea AM Enzo Fernández
73%
Manchester City FW Erling Haaland
73%
Leverkusen CM Ezequiél Fernández
73%
Barcelona LB Gerard Martín
73%
Bayern Munich FW Harry Kane
73%
Liverpool RB Jeremie Frimpong
73%
Barcelona GK Joan García
73%
Bayern Munich DM Joshua Kimmich
73%
Manchester City CB Joško Gvardiol
73%
Paris Saint-Germain RW Khvicha Kvaratskhelia
73%
Bayern Munich RB Konrad Laimer
73%
Bayern Munich GK Manuel Neuer
73%
Bayern Munich RW Michael Olise
73%
Red Imps GK Nauzet García
73%
Tottenham LM Pape Matar Sarr
73%
Dortmund CB Waldemar Anton
73%
Juventus WB Weston McKennie
73%
Paris Saint-Germain RB Achraf Hakimi
72%
Galatasaray CB Davinson Sánchez
72%
Bayern Munich CB Dayot Upamecano
72%
Newcastle United CB Fabian Schär
72%
Barcelona DM Frenkie de Jong
72%
Arsenal CB Gabriel Magalhães
72%
Juventus CB Gleison Bremer
72%
Barcelona RB Jules Koundé
72%
Barcelona LW Marcus Rashford
72%
Paris Saint-Germain CB Marquinhos
72%
Sporting CP LB Maximiliano Araújo
72%
Paris Saint-Germain LB Nuno Mendes
72%
Bodø/Glimt CM Patrick Berg
72%
Barcelona DM Pedri
72%
Marseille FW Pierre-Emerick Aubameyang
72%
Barcelona RW Raphinha
72%
Chelsea GK Robert Sánchez
72%
Barcelona CB Ronald Araújo
72%
Manchester City CM Tijjani Reijnders
72%
Paris Saint-Germain CM Vitinha
72%
Tottenham LW Xavi Simons
72%
Inter GK Yann Sommer
72%
Atlético Madrid FW Antoine Griezmann
70%
Paris Saint-Germain LW Bradley Barcola
70%
Chelsea RW Cole Palmer
70%
Inter WB Denzel Dumfries
70%
Inter WB Federico Dimarco
70%
Villarreal FW Georges Mikautadze
70%
Inter CM Hakan Çalhanoğlu
70%
Atlético Madrid GK Jan Oblak
70%
Paris Saint-Germain RM João Neves
70%
Juventus FW Loïs Openda
70%
Chelsea RB Malo Gusto
70%
Chelsea LB Marc Cucurella
70%
Dortmund CM Marcel Sabitzer
70%
Chelsea DM Moisés Caicedo
70%
Inter CM Nicolò Barella
70%
Chelsea LW Pedro Neto
70%
Tottenham RB Pedro Porro
70%
Manchester City CM Phil Foden
70%
Newcastle United CM Sandro Tonali
70%
Dortmund FW Serhou Guirassy
70%
Manchester City RB Abdukodir Khusanov
69%
Bayern Munich DM Aleksandar Pavlovic
69%
Inter CB Alessandro Bastoni
69%
Newcastle United FW Anthony Gordon
69%
Barcelona AM Fermin López
69%
Real Madrid RW Franco Mastantuono
69%
Atlético Madrid RM Giuliano Simeone
69%
Dortmund GK Gregor Kobel
69%
Inter CB Manuel Akanji
69%
Barcelona CB Pau Cubarsí
69%
Bayern Munich AM Serge Gnabry
69%
Inter CB Stefan de Vrij
69%
Paris Saint-Germain CB Willian Pacho
69%
Newcastle United RM Bruno Guimarães
67%
Chelsea FW João Pedro
67%
Bayern Munich CB Jonathan Tah
67%
Dortmund AM Karim Adeyemi
67%
Paris Saint-Germain GK Lucas Chevalier
67%
Tottenham RW Mohammed Kudus
67%
Newcastle United GK Nick Pope
67%
Leverkusen FW Patrik Schick
67%
AZ Alkmaar CB Peer Koopmeiners
67%
Napoli FW Rasmus Højlund
67%
Napoli LM Scott McTominay
67%
PSV Eindhoven RB Sergiño Dest
67%
Napoli CM Stanislav Lobotka
67%
Juventus CM Teun Koopmeiners
67%
Benfica FW Vangelis Pavlidis
67%
Napoli GK Vanja Milinković-Savić
67%
Leverkusen WB Álex Grimaldo
66%
Real Madrid CB Dean Huijsen
66%
Arsenal LW Eberechi Eze
66%
Leverkusen CB Edmond Tapsoba
66%
Bayern Munich LB Josip Stanišić
66%
Napoli CM Kevin De Bruyne
66%
Copenhagen LB Marcos López
66%
Juventus GK Michele Di Gregorio
66%
Betis GK Pau López
66%
Atlético Madrid CB Robin Le Normand
66%
Rayo Vallecano DM Unai López
66%
Real Madrid LB Álvaro Carreras
64%
Pafos FC CB David Luiz
64%
Nottingham Forest CM Douglas Luiz
64%
Arsenal RW Noni Madueke
64%
Dortmund CB Ramy Bensebaini
64%
Benfica GK Anatolii Trubin
63%
Dortmund CB Julian Ryerson
63%
Atlético Madrid RB Marcos Llorente
63%
Betis RW Antony
61%
Roma FW Artem Dovbyk
61%
Atlético Madrid CM Conor Gallagher
61%
Arsenal CB Cristhian Mosquera
61%
Marseille GK Gerónimo Rulli
61%
PSV Eindhoven RM Ivan Perišić
61%
Newcastle United RB Kieran Trippier
61%
Athletic Club AM Oihan Sancet
61%
Red Imps FW Tjay De Barr
61%
Go Ahead Eagles LB Dean James
59%
Tottenham RM Lucas Bergvall
59%
Leverkusen AM Malik Tillman
59%
Marseille RW Mason Greenwood
59%
Chelsea DM Reece James
59%
Athletic Club CB Daniel Vivian
58%
Mainz 05 CB Danny da Costa
58%
Porto GK Diogo Costa
58%
Napoli RB Giovanni Di Lorenzo
58%
Red Imps CB Joe
58%
Newcastle United LM Joelinton
58%
Kairat Almaty AM Jorginho Costa
58%
Galatasaray RW Leroy Sané
58%
Villarreal RM Nicolas Pépé
58%
Atlético Madrid CM Pablo Barrios
58%
Aston Villa CB Pau Torres
58%
Porto RW Pepê
58%
PSV Eindhoven FW Ricardo Pepi
58%
Leverkusen CM Robert Andrich
58%
Tottenham CM Rodrigo Bentancur
58%
Dortmund WB Yan Couto
58%
Newcastle United RW Anthony Elanga
56%
Atlético Madrid CB Clément Lenglet
56%
Aston Villa FW Donyell Malen
56%
Ħamrun Spartans FC LM Eder
56%
Atlético Madrid FW Giacomo Raspadori
56%
Leverkusen CB Jarell Quansah
56%
Marseille DM Pierre Højbjerg
56%
Juventus CB Pierre Kalulu
56%
Galatasaray FW Barış Alper Yılmaz
55%
Newcastle United CB Dan Burn
55%
Galatasaray DM Lucas Torreira
55%
Leverkusen GK Mark Flekken
55%
Club Brugge GK Simon Mignolet
55%
Fenerbahçe GK Ederson
53%
Inter CM Henrikh Mkhitaryan
53%
Atalanta AM Mario Pašalić
53%
Dortmund AM Maximilian Beier
53%
Fenerbahçe CB Milan Škriniar
53%
Manchester City LB Nico O’Reilly
53%
Nottingham Forest CB Nikola Milenković
53%
Fenerbahçe FW Youssef En-Nesyri
53%
Napoli CM Andre-Frank Zambo Anguissa
52%
Dortmund WB Daniel Svensson
52%
Galatasaray AM İlkay Gündoğan
52%
Juventus CB Lloyd Kelly
52%
Marseille LW Timothy Weah
52%
Dortmund CM Felix Nmecha
50%
Celtic GK Kasper Schmeichel
50%
Aston Villa AM Morgan Rogers
50%
Eintract Frankfurt RW Ritsu Doan
50%
Paris Saint-Germain FW Senny Mayulu
50%
Chelsea CB Trevoh Chalobah
50%
Eintract Frankfurt CB Arthur Theate
48%
BK Häcken FW John Paul Dembe
48%
Crystal Palace CB Marc Guéhi
48%
Aston Villa RB Matty Cash
48%
Sporting CP DM Morten Hjulmand
48%
Monaco FW Folarin Balogun
47%
Inter FW Francesco Esposito
47%
Marseille DM Geoffrey Kondogbia
47%
Sporting CP FW Luis Javier Suárez
47%
Galatasaray DM Mario Lemina
47%
Atalanta CM Marten de Roon
47%
Stuttgart DM Angelo Stiller
45%
Marseille RB Benjamin Pavard
45%
Atalanta FW Charles De Ketelaere
45%
Stuttgart FW Ermedin Demirović
45%
PSV Eindhoven AM Ismael Saibari
45%
PSV Eindhoven DM Jerdy Schouten
45%
Nottingham Forest GK Matz Sels
45%
Benfica CB Nicolás Otamendi
45%
Monaco AM Takumi Minamino
45%
Newcastle United LB Valentino Livramento
45%
Freiburg LW Vincenzo Grifo
45%
Juventus WB Andrea Cambiaso
44%
Tottenham LB Djed Spence
44%
Eintract Frankfurt DM Hugo Larsson
44%
Celta Vigo RW Iago Aspas
44%
PSV Eindhoven DM Joey Veerman
44%
Copenhagen RM Jordan Larsson
44%
Ajax CB Ko Itakura
44%
PSV Eindhoven GK Matej Kovar
44%
Eintract Frankfurt CB Robin Koch
44%
Galatasaray RB Roland Sallai
44%
Ajax FW Wout Weghorst
44%
Fenerbahçe WB Archie Brown
42%
Eintract Frankfurt AM Can Uzun
42%
Club Brugge LW Christos Tzolis
42%
Fiorentina GK David de Gea
42%
Aston Villa DM John McGinn
42%
Eintract Frankfurt FW Jonathan Burkardt
42%
Leverkusen CB Loïc Bade
42%
Eintract Frankfurt LB Nathaniel Brown
42%
Basel AM Xherdan Shaqiri
42%
Stuttgart GK Alexander Nübel
41%
Basel LW Arlet Zé
41%
Crystal Palace GK Dean Henderson
41%
Fiorentina FW Edin Džeko
41%
Nottingham Forest CM Elliot Anderson
41%
Aston Villa CB Ezri Konsa
41%
Crystal Palace FW Jean-Philippe Mateta
41%
Red Star FW Marko Arnautović
41%
Stuttgart LB Maximilian Mittelstädt
41%
Atalanta CB Odilon Kossounou
41%
Chelsea CB Tosin Adarabioyo
41%
Club Brugge DM Aleksandar Stanković
39%
Bodø/Glimt LW Jens Petter Hauge
39%
Sturm Graz DM Jon Gorenc Stanković
39%
Atlético Madrid LM Nicolás González
39%
Nottingham Forest LB Oleksandr Zinchenko
39%
Villarreal LM Tajon Buchanan
39%
Galatasaray CB Wilfried Singo
39%
Betis FW Cédric Bakambu
38%
Eintract Frankfurt DM Fares Chaïbi
38%
Club Brugge AM Hans Vanaken
38%
Newcastle United LW Harvey Barnes
38%
Leverkusen WB Lucas Vázquez
38%
Ludogorets LB Son
38%
Napoli CB Alessandro Buongiorno
36%
Eintract Frankfurt LW Ansgar Knauff
36%
Aston Villa DM Boubacar Kamara
36%
Freiburg LB Christian Günter
36%
Crystal Palace RW Daichi Kamada
36%
Monaco CB Eric Dier
36%
Aston Villa LB Ian Maatsen
36%
Zrinjski Mostar DM Igor Savić
36%
Betis LB Junior Firpo
36%
Napoli RB Matteo Politano
36%
Freiburg CB Matthias Ginter
36%
Freiburg GK Noah Atubolu
36%
Villarreal CM Pape Gueye
36%
Galatasaray GK Uğurcan Çakır
36%
Villarreal FW Ayoze Pérez
34%
Atalanta CB Berat Djimsiti
34%
Crystal Palace RM Daniel Muñoz
34%
Young Boys CM Edimilson Fernandes
34%
Rayo Vallecano RW Francisco Perez
34%
Sporting CP AM Francisco Trincão
34%
Benfica RW Fredrik Aursnes
34%
Sporting CP RW Geovany Quenda
34%
FC Noah CM Gustavo Sangaré
34%
Nottingham Forest DM Ibrahim Sangaré
34%
Nottingham Forest FW Igor Jesus
34%
Slavia Prague GK Jindřich Staněk
34%
Union SG CB Kevin Mac Allister
34%
Fenerbahçe CM Marco Asensio
34%
Marseille AM Matt O'Riley
34%
Roma GK Mile Svilar
34%
Club Brugge FW Nicolo Tresoldi
34%
Aston Villa LW Emi Buendía
33%
Paris Saint-Germain LM Fabián Ruiz Peña
33%
Betis AM Giovani Lo Celso
33%
Sporting CP CB Gonçalo Inácio
33%
Atalanta CB Isak Hien
33%
Villarreal CB Juan Foyth
33%
Marseille CB Leonardo Balerdi
33%
Lyon LW Malick Fofana
33%
Crystal Palace CB Maxence Lacroix
33%
Nottingham Forest CM Morgan Gibbs-White
33%
Porto FW Samu Omorodion
33%
Lausanne-Sport LB Sékou Fofana
33%
Mainz 05 CB Stefan Bell
33%
Monaco RB Vanderson
33%
Atalanta CM Yunus Musah
33%
Crystal Palace CM Adam Wharton
31%
Leverkusen AM Eliesse Ben Seghir
31%
Roma CB Gianluca Mancini
31%
Atlético Madrid LB Javi Galán
31%
Celta Vigo CB Javi Rodríguez
31%
Union SG FW Kevin Rodríguez
31%
Midtjylland CB Lee Hanbeom
31%
Napoli RB Leonardo Spinazzola
31%
Atalanta GK Marco Carnesecchi
31%
Eintract Frankfurt GK Michael Zetterer
31%
Utrecht RW Miguel Rodríguez
31%
Eintract Frankfurt RB Nnamdi Collins
31%
Benfica DM Richard Ríos
31%
Fiorentina WB Robin Gosens
31%
PSV Eindhoven LM Ruben van Bommel
31%
PSV Eindhoven CB Ryan Flamingo
31%
Crystal Palace LW Yeremi Pino
31%
Nice CB Antoine Mendy
30%
Midtjylland AM Cho Gue-sung
30%
Porto CB Jakub Kiwior
30%
Porto CB Jan Bednarek
30%
Roma AM Matìas Soulé
30%
Athletic Club DM Mikel Jauregizar
30%
Athletic Club DM Mikel Vesga
30%
Mainz 05 CM Nadiem Amiri
30%
Roma CB Obite N'Dicka
30%
Shakhtar Donetsk LB Pedro Henrique
30%
Club Brugge DM Raphael Onyedika
30%
Napoli CB Sam Beukema
30%
Fenerbahçe AM Sebastian Szymański
30%
Copenhagen FW Youssoufa Moukoko
30%
Betis LW Abde Ezzalzouli
28%
Nottingham Forest LM Callum Hudson-Odoi
28%
Crystal Palace CB Chris Richards
28%
Celtic FW Daizen Maeda
28%
Maccabi Tel Aviv FW Dor Peretz
28%
Benfica AM Heorhiy Sudakov
28%
Ajax LM Kenneth Taylor
28%
Bologna GK Łukasz Skorupski
28%
Aston Villa GK Marco Bizot
28%
Lyon LB Nicolás Tagliafico
28%
Bologna DM Remo Freuler
28%
Betis DM Sofyan Amrabat
28%
Roma CB Zeki Çelik
28%
Benfica LW Andreas Schjelderup
27%
Stuttgart AM Bilal El Khannouss
27%
Crystal Palace LM Borna Sosa
27%
CS U Craiova RW Carlos Mora
27%
Lyon CB Clinton Mata
27%
Olympiacos LW Daniel Podence
27%
Sporting CP CB Eduardo Quaresma
27%
Porto LM Gabriel Veiga
27%
Stuttgart LW Jamie Leweling
27%
Club Brugge CB Joel Ordóñez
27%
Roma WB Kostas Tsimikas
27%
Kairat Almaty LB Luís Mata
27%
Monaco AM Maghnes Akliouche
27%
Monaco FW Mika Biereth
27%
Ajax LW Mika Godts
27%
Sporting CP LW Pedro Gonçalves
27%
Strasbourg LM Rafael Gonçalves
27%
Villarreal CB Renato Veiga
27%
Braga AM Ricardo Horta
27%
Young Boys RB Saidy Janko
27%
Slavia Prague FW Tomáš Chorý
27%
Celtic CM Callum McGregor
25%
Atalanta FW Daniel Maldini
25%
Aston Villa RW Evann Guessand
25%
Marseille CB Facundo Medina
25%
Sporting CP DM Giorgi Kochorashvili
25%
Bodø/Glimt FW Kasper Waarst Høgh
25%
Qarabag CB Kevin Medina
25%
Roma CM Manu Koné
25%
Qarabag DM Marko Janković
25%
Copenhagen FW Mohamed Elyounoussi
25%
Rijeka CM Niko Janković
25%
Mainz 05 GK Robin Zentner
25%
Feyenoord GK Timon Wellenreuther
25%
Genk LM Yaimar Medina
25%
Athletic Club LW Álex Berenguer
23%
Benfica RB Amar Dedić
23%
PSV Eindhoven CB Armando Obispo
23%
Olympiacos FW Ayoub El Kaabi
23%
Ajax RM Davy Klaassen
23%
Rangers RB James Tavernier
23%
Fenerbahçe AM Kerem Aktürkoğlu
23%
Monaco DM Lamine Camara
23%
Bologna DM Lewis Ferguson
23%
Maccabi Tel Aviv CB Mohamed Aly Camara
23%
Ajax GK Vitezslav Jaros
23%
Club Brugge RW Carlos Forbs
22%
Union SG CB Christian Burgess
22%
Marseille LB Emerson Palmieri
22%
Stuttgart CB Finn Jeltsch
22%
Bologna CB Jhon Lucumí
22%
Freiburg AM Johan Manzambi
22%
Pafos FC GK Neofytos Michael
22%
Fiorentina CB Pablo Marí
22%
Mainz 05 RW Paul Nebel
22%
Atalanta WB Raoul Bellanova
22%
Utrecht FW Sébastien Haller
22%
Crystal Palace CM Will Hughes
22%
PSV Eindhoven CB Yarek Gasiorowski
22%
Porto CM Alan Varela
20%
Club Brugge CB Brandon Mechele
20%
Celtic CB Cameron Carter-Vickers
20%
Lille CB Chancel Mbemba
20%
Celta Vigo CM Ilaix Moriba
20%
Sporting CP RB Iván Fresneda
20%
Dynamo Kyiv LW Mykola Shaparenko
20%
Brann LW Niklas Castro
20%
Ajax LB Owen Wijndal
20%
Bologna FW Santiago Castro
20%
Dinamo Zagreb CB Sergi Dominguez
20%
Roma AM Stephan El Shaarawy
20%
Lille RB Tiago Santos
20%
Porto LB Zaidu Sanusi
20%
Athletic Club CB Aitor Paredes
19%
Stuttgart DM Chema
19%
Benfica DM Enzo Barrenechea
19%
Copenhagen CB Gabriel Pereira
19%
Lille CM Hákon Arnar Haraldsson
19%
Celta Vigo GK Ionuț Radu
19%
Pafos FC RM Jajá
19%
Lech Poznań RB Joel Pereira
19%
Freiburg RB Lukas Kübler
19%
Nice WB Melvin Bard
19%
Rangers AM Mohamed Diomandé
19%
Nottingham Forest CB Morato
19%
Betis CB Natan
19%
Athletic Club RW Roberto Navarro
19%
Benfica LB Samuel Dahl
19%
Villarreal RB Santiago Mouriño
19%
Slavia Prague CB Tomáš Holeš
19%
Betis CB Valentín Gómez
19%
Braga WB Victor Gomez
19%
Galatasaray LW Yunus Akgün
19%
Red Imps CB Bernardo Lopes
17%
Olympiacos AM Chiquinho
17%
Roma WB Devyne Rensch
17%
Copenhagen GK Dominik Kotarski
17%
Shelbourne FC CM Harry Wood
17%
Union SG GK Kjell Scherpen
17%
Freiburg DM Maximilian Eggestein
17%
Lille CM Nabil Bentaleb
17%
Monaco GK Philipp Köhn
17%
Villarreal CM Santi Comesaña
17%
Ajax CB Youri Baas
17%
Nice CB Abdulai Juma Bah
16%
Club Brugge LB Bjorn Meijer
16%
Nice CB Dante
16%
Fiorentina WB Dodô
16%
Bologna AM Federico Bernardeschi
16%
Rangers GK Jack Butland
16%
Fenerbahçe CB Jayden Oosterwolde
16%
Bologna FW Jens Odgaard
16%
Strasbourg FW Kendry Páez
16%
RB Salzburg AM Kerim Alajbegović
16%
Celtic LB Kieran Tierney
16%
Olympiacos CB Lorenzo Pirola
16%
Fiorentina CB Marin Pongračić
16%
Roma CM Neil El Aynaoui
16%
Bodø/Glimt GK Nikita Haikin
16%
Celta Vigo LM Óscar Mingueza
16%
Olympiacos CB Panagiotis Retsos
16%
Olympiacos RB Rodinei
16%
Lyon DM Tyler Morton
16%
Monaco DM Aladji Bamba
14%
Freiburg CB Anthony Jung
14%
Ajax RB Anton Gaaei
14%
Ferencvaros FW Barnabás Varga
14%
Celta Vigo FW Ferran Jutglà
14%
Nice FW Jeremie Boga
14%
Panathinaikos FW Karol Świderski
14%
Maccabi Tel Aviv AM Kervin Andrade
14%
Club Brugge RB Kyriani Sabbe
14%
Pafos FC FW Landry Dimata
14%
Qarabag RW Leandro Andrade
14%
Atalanta WB Lorenzo Bernasconi
14%
Villarreal GK Luiz Lúcio Reis Júnior
14%
Slavia Prague RW Lukáš Provod
14%
Shakhtar Donetsk CM Marlon Gomes
14%
Red Star GK Matheus
14%
Lyon CB Moussa Niakhate
14%
Ferencvaros CM Naby Keïta
14%
Braga AM Rodrigo Zalazar
14%
Olympiacos DM Santiago Hezze
14%
Nice GK Yehvann Diouf
14%
Union SG WB Anan Khalaili
13%
Lille LB Calvin Verdonk
13%
Bologna LB Charalampos Lykogiannis
13%
Slavia Prague RB David Doudera
13%
Slavia Prague CB David Zima
13%
Copenhagen LM Elias Achouri
13%
Midtjylland FW Franculino Djú
13%
Freiburg RW Jan-Niklas Beste
13%
Sturm Graz FW Maurice Malone
13%
Strasbourg GK Mike Penders
13%
Fiorentina CM Nicolò Fagioli
13%
Celta Vigo LW Pablo Durán
13%
Freiburg DM Patrick Osterhage
13%
Pafos FC CM Pedro Rodrigues
13%
Panathinaikos DM Renato Sanches
13%
Malmö GK Robin Olsen
13%
Panathinaikos RW Tetê
13%
Copenhagen CM Thomas Delaney
13%
AEK Athens GK Thomas Strakosha
13%
Qarabag LW Abdellah Zoubir
11%
Union SG CM Adem Zorgane
11%
Jagiellonia FW Afimico Pululu
11%
RB Salzburg GK Alexander Schlager
11%
Athletic Club RB Andoni Gorosabel
11%
PAOK RW Andrija Živković
11%
Union SG AM Anouar Ait El Hadj
11%
Dinamo Zagreb LM Arbër Hoxha
11%
Mainz 05 FW Armindo Sieb
11%
Rayo Vallecano GK Augusto Batalla
11%
Braga CB Bright Arrey-Mbi
11%
Slavia Prague DM Christos Zafeiris
11%
Kairat Almaty FW Dastan Satpayev
11%
Pafos FC CB Derrick Luckassen
11%
Dinamo Zagreb FW Dion Drena Beljo
11%
Galatasaray LB Eren Elmalı
11%
RB Salzburg CB Jacob Rasmussen
11%
Freiburg FW Junior Adamu
11%
Mainz 05 CM Kaishu Sano
11%
Lyon FW Martin Satriano
11%
Qarabag GK Mateusz Kochalski
11%
Union SG CM Mathias Rasmussen
11%
Lyon DM Mathys De Carvalho
11%
Lech Poznań FW Mikael Ishak
11%
Red Star LW Mirko Ivanić
11%
Bologna AM Nicolò Cambiaghi
11%
Slavia Prague DM Oscar Dorley
11%
Union SG WB Ousseynou Niang
11%
Copenhagen CB Pantelis Hatzidiakos
11%
Lyon AM Pavel Šulc
11%
Ludogorets CM Pedrinho
11%
Shakhtar Donetsk LM Pedrinho
11%
Stuttgart CB Ramon Hendriks
11%
Fiorentina CM Rolando Mandragora
11%
Villarreal LB Sergi Cardona
11%
PAOK CB Tomasz Kędziora
11%
Porto RM Victor Froholdt
11%
Ajax CM Youri Regeer
11%
RB Salzburg LB Aleksa Terzić
9%
Lech Poznań CB Alex Douglas
9%
Lille GK Berke Özer
9%
Porto LW Borja Sainz
9%
Red Star AM Bruno Duarte
9%
Pafos FC RB Bruno Felipe Souza da Silva
9%
Genk CM Bryan Heynen
9%
Fenerbahçe CB Çağlar Söyüncü
9%
Celta Vigo CB Carl Starfelt
9%
Nice CM Charles Vanhoutte
9%
Fiorentina CM Cher Ndour
9%
Dinamo Zagreb CM Dejan Ljubicic
9%
Ludogorets RM Deroy Duarte
9%
Panathinaikos LB Filip Mladenović
9%
Olympiacos LB Francisco Ortega
9%
Feyenoord RW Gonçalo Borges
9%
Bodø/Glimt RM Håkon Evjen
9%
Pafos FC CM Ivan Šunjić
9%
Rapid Wien LB Jannes Horn
9%
Malmö RB Jens Stryger Larsen
9%
Sporting CP GK João Virgínia
9%
PAOK RB Jonjoe Kenny
9%
Qarabag AM Kady Borges
9%
Midtjylland RB Kevin Mbabu
9%
Stuttgart RB Lorenz Assignon
9%
Fiorentina CB Luca Ranieri
9%
AEK Athens FW Luka Jović
9%
Copenhagen CM Lukas Lerager
9%
Sparta Prague CM Lukáš Sadílek
9%
Strasbourg LW Martial Godo
9%
Slavia Prague AM Michal Sadílek
9%
Red Star CB Miloš Veljković
9%
KuPS FW Mohamed Touré
9%
Bologna RB Nadir Zortea
9%
Red Star LB Nair Tiknizyan
9%
Red Star RW Nemanja Radonjić
9%
Rangers DM Nicolas Raskin
9%
Genk FW Oh Hyeon-gyu
9%
Sturm Graz GK Oliver Christensen
9%
Ajax RW Oliver Edvardsen
9%
Midtjylland RM Philip Billing
9%
Celtic LM Reo Hatate
9%
Viktoria Plzeň CB Sampson Dweh Jr.
9%
Dinamo Zagreb CB Scott McKenna
9%
Red Star RB Seol Young-woo
9%
Betis DM Sergi Altimira
9%
RB Salzburg RB Stefan Lainer
9%
Red Star DM Timi Elšnik
9%
Go Ahead Eagles FW Victor Edvardsen
9%
Slavia Prague LB Youssoupha Mbodji
9%
Athletic Club LB Adama Boiro
8%
Lyon RW Adam Karabec
8%
Panathinaikos GK Alban Lafont
8%
Olympiacos GK Alexandros Paschalakis
8%
Feyenoord CB Anel Ahmedhodžić
8%
Betis RB Ángel Ortíz
8%
PAOK LB Baba Rahman
8%
Stuttgart RW Badredine Bouanani
8%
Qarabag CB Bəhlul Mustafazadə
8%
Feyenoord FW Casper Tengstedt
8%
Monaco CB Christian Mawissa
8%
Pafos FC CB David Goldar
8%
Ferencvaros GK Dénes Dibusz
8%
Lyon GK Dominik Greif
8%
RB Salzburg FW Edmund Baidoo
8%
Sturm Graz LW Filip Rózga
8%
Rayo Vallecano CB Florian Lejeune
8%
Olympiacos RW Gabriel Strefezza
8%
Feyenoord LW Gaoussou Diarra
8%
Braga CB Gustaf Lagerbielke
8%
Lille FW Hamza Igamane
8%
FC Noah RM Hélder Ferreira
8%
Nice CM Hicham Boudaoui
8%
Genk RM Jarne Steuckers
8%
PAOK GK Jiří Pavlenka
8%
Pafos FC RB João Pedro Araújo Correia
8%
Dinamo Zagreb DM Josip Mišić
8%
Lausanne-Sport CB Karim Sow
8%
Nice FW Kevin Carlos
8%
Shakhtar Donetsk RM Lucas Ferreira
8%
Braga GK Lukáš Horníček
8%
RB Salzburg DM Mads Bidstrup
8%
Lille FW Matias Fernandez-Pardo
8%
Rangers RW Mikey Moore
8%
BK Häcken RW Mikkel Rygaard Jensen
8%
Fenerbahçe CM Nélson Semedo
8%
Lille LM Osame Sahraoui
8%
Rayo Vallecano AM Óscar Trejo
8%
Qarabag DM Pedro Bicalho
8%
Sparta Prague GK Peter Vindahl Jensen
8%
Fiorentina FW Roberto Piccoli
8%
Lyon RB Ruben Kluivert
8%
AC Omonia CB Senou Coulibaly
8%
Braga CB Sikou Niakaté
8%
BK Häcken DM Silas Andersen
8%
Samsunspor RM Tanguy Coulibaly
8%
Red Star DM Tomás Händel
8%
AC Omonia LW Willy Semedo
8%
Rangers FW Youssef Chermiti
8%
Genk RB Zakaria El Ouahdi
8%
Basel CB Adrian Leon Barišić
6%
Kairat Almaty RW Alexandr Mrynskiy
6%
Rayo Vallecano LB Alfonso Espino
6%
Kairat Almaty CB Alyaksandr Martynovich
6%
Braga FW Amine El Ouazzani
6%
Strasbourg CB Andrew Omobamidele
6%
Dynamo Kyiv RW Andriy Yarmolenko
6%
Lech Poznań CB Antonio Milić
6%
Mainz 05 LW Arnaud Nordin
6%
Feyenoord RB Bart Nieuwkoop
6%
Lech Poznań GK Bartosz Mrozek
6%
Dinamo Zagreb LB Bruno Goda
6%
Monaco LB Caio Henrique Oliveira Silva
6%
Ferencvaros RW Cebrails Makreckis
6%
Kairat Almaty DM Damir Kasabulat
6%
Malmö FW Daníel Gudjohnsen
6%
Midtjylland LM Denil Castillo
6%
Rangers CB Derek Cornelius
6%
Ludogorets CB Dinis Almeida
6%
Basel LB Dominik Schmid
6%
Midtjylland GK Elías Rafn Ólafsson
6%
Sturm Graz LB Emir Karic
6%
Kairat Almaty RB Erkin Tapalov
6%
Union SG CB Fedde Leysen
6%
Lech Poznań DM Filip Jagiełło
6%
Celta Vigo CM Fran Beltrán
6%
Red Star CB Franklin Tebo
6%
Bodø/Glimt RB Fredrik Sjøvold
6%
Braga CM Gabriel Moscardo
6%
PAOK AM Giannis Konstantelias
6%
Feyenoord LB Gijs Smal
6%
PAOK FW Giorgos Giakoumakis
6%
Genk GK Hendrik Van Crombrugge
6%
Malmö RM Hugo Bolin
6%
Genk DM Ibrahima Sory Bangoura
6%
Ferencvaros CB Ibrahim Cissé
6%
KuPS CB Ibrahim Cissé
6%
Rayo Vallecano RB Iván Balliu
6%
Dinamo Zagreb GK Ivan Nevistić
6%
Jagiellonia AM Jesús Imaz
6%
Braga CM João Moutinho
6%
Genk LB Joris Kayembe
6%
Go Ahead Eagles CB Joris Kramer
6%
Bodø/Glimt CB Jostein Gundersen
6%
Mainz 05 CB Kacper Potulski
6%
RB Salzburg CB Kouakou Gadou
6%
Braga WB Leonardo Lelo
6%
Celtic CB Liam Scales
6%
Lech Poznań AM Luis Enrique Palma
6%
PAOK DM Magomed Ozdoyev
6%
Celta Vigo CB Marcos Alonso
6%
Bologna CB Martin Vitík
6%
Dinamo Zagreb RM Mateo Lisica
6%
Bodø/Glimt RW Mathias Jørgensen
6%
Go Ahead Eagles RB Mats Deijl
6%
Genk CB Matte Smets
6%
Dinamo Zagreb CM Miha Zajc
6%
Utrecht CB Mike van der Hoorn
6%
Nice CM Morgan Sanson
6%
Dinamo Zagreb RB Moris Valinčić
6%
Genk CB Mujaid Sadick
6%
Lille RM Ngal'Ayel Mukau
6%
Utrecht CB Nick Viergever
6%
Brann FW Noah Holm
6%
Kairat Almaty DM Ofri Arad
6%
Porto RB Pablo Rosario
6%
Genk CM Patrik Hrošovský
6%
RB Salzburg FW Petar Ratkov
6%
Ludogorets LM Petar Stanic
6%
Mainz 05 LM Phillipp Mwene
6%
Legia Warsaw CB Radovan Pankov
6%
AEK Athens FW Răzvan Marin
6%
Copenhagen RB Rodrigo Huescas
6%
Maccabi Tel Aviv LB Roy Revivo
6%
Feyenoord AM Sem Steijn
6%
Kairat Almaty GK Sherhan Kalmurza
6%
Panathinaikos CB Sverrir Ingi Ingason
6%
PAOK LW Taison
6%
Lech Poznań RW Taofeek Ismaheel
6%
Brann RB Thore Pedersen
6%
Sturm Graz RB Tim Oermann
6%
Sturm Graz RW Tomi Horvat
6%
Kairat Almaty LW Valeriy Gromyko
6%
Utrecht GK Vasilios Barkas
6%
Slavia Prague LW Vasil Kušej
6%
Pafos FC FW Vlad Dragomir
6%
Kairat Almaty CB Yegor Sorokin
6%
Sigma Olomouc CB Abdoulaye Sylla
5%
Strasbourg LB Abdoul Ouattara
5%
Raków LM Adriano
5%
Malmö CM Adrian Skogmar
5%
Basel FW Albian Ajeti
5%
Sparta Prague RW Albion Rrahmani
5%
Jagiellonia RW Alejandro Pozo Pozo
5%
Utrecht CM Alonzo Engwanda
5%
Panathinaikos LW Anass Zaroury
5%
Malmö FW Anders Christiansen
5%
Sparta Prague CB Asger Sørensen
5%
Ferencvaros DM Bence Ötvös
5%
Rapid Wien RB Bendegúz Bolla
5%
Celtic RM Benjamin Nygren
5%
Celtic RB Colby Donovan
5%
Malmö CB Colin Rosler
5%
Utrecht LW Derry Murkin
5%
Sturm Graz CB Dimitri Lavalée
5%
Rangers LW Djeidi Gassama
5%
Qarabag LB Elvin Cəfərquliyev
5%
Brann RM Emil Kornvig
5%
AC Omonia RM Giannis Masouras
5%
PAOK CB Giannis Michailidis
5%
Utrecht LM Gjivai Zechiël
5%
Bodø/Glimt LB Haitam Aleesami
5%
Brann CM Jakob Sørensen
5%
Go Ahead Eagles GK Jari De Busser
5%
Rangers LB Jayden Meghoma
5%
Ludogorets RB Joel Andersson
5%
Rangers CB John Souttar
5%
Basel CB Jonas Adjetey
5%
Raków FW Jonatan Braut Brunes
5%
Celta Vigo RM Jones El-Abdellaoui
5%
Midtjylland FW Júnior Brumado
5%
Legia Warsaw GK Kacper Tobiasz
5%
Shakhtar Donetsk FW Kauã Elias
5%
Basel RB Keigo Tsunemoto
5%
Go Ahead Eagles RW Kenzo Goudmijn
5%
Lech Poznań LW Kornel Lisman
5%
Maccabi Tel Aviv DM Kristijan Belic
5%
Basel DM Léo Leroy
5%
Rapid Wien DM Lukas Grgic
5%
Midtjylland LB Mads Bech Sørensen
5%
Feyenoord CB Malcolm Jeng
5%
Red Imps CM Mandi
5%
Viktoria Plzeň FW Matěj Vydra
5%
Lille CB Maxima Goffi
5%
AZ Alkmaar LB Mees de Wit
5%
Basel DM Metinho
5%
AZ Alkmaar FW Mexx Meerdink
5%
Lech Poznań LB Michał Gurgul
5%
FCSB CB Mihai Popescu
5%
Basel GK Mirko Salvi
5%
RB Salzburg AM Moussa Kounfolo Yeo
5%
Fenerbahçe WB Nene Dorgeles
5%
Utrecht RM Niklas Vesterlund
5%
Mainz 05 RM Nikolas Veratschnig
5%
Rapid Wien LW Nikolaus Wurmbrand
5%
Bodø/Glimt CB Odin Lurås Bjørtuft
5%
Midtjylland CB Ousmane Diao
5%
Feyenoord DM Oussama Targhalline
5%
Midtjylland DM Pedro Bravo
5%
Malmö CB Pontus Jansson
5%
Legia Warsaw CM Rafał Augustyniak
5%
Samsunspor CB Rick van Drongelen
5%
AZ Alkmaar GK Rome-Jayden Owusu-Oduro
5%
Legia Warsaw LB Rúben Vinagre
5%
Strasbourg DM Samir El Mourabet
5%
Strasbourg RW Samuel Amo-Ameyaw
5%
Malmö LM Sead Haksabanović
5%
Celtic LW Sebastian Tounekti
5%
Sturm Graz AM Seedy Jatta
5%
Rayo Vallecano FW Sergio Camello
5%
Ludogorets GK Sergio Padt
5%
Utrecht RB Siebe Horemans
5%
Jagiellonia GK Sławomir Abramowicz
5%
Bodø/Glimt LM Sondre Auklend
5%
PAOK DM Soualiho Meïté
5%
Utrecht LB Souffian El Karouani
5%
RB Salzburg DM Soumaïla Diabaté
5%
Ferencvaros CB Stefan Gartenmann
5%
Raków CB Stratos Svarnas
5%
Rangers DM Thelo Aasgaard
5%
Lech Poznań DM Timothy Ouma
5%
Sturm Graz DM Tochi Chukwuani
5%
Nice WB Tom Louchet
5%
Shakhtar Donetsk RB Vinicius Tobias
5%
AZ Alkmaar CB Wouter Goes
5%
Celtic RW Yang Hyunjun
5%
CS U Craiova CB Adrian Rus
3%
Panathinaikos CB Ahmed Touba
3%
Ferencvaros CM Alex Tóth
3%
Panathinaikos AM Anastasios Bakasetas
3%
Rapid Wien RW Andrija Radulović
3%
Rapid Wien CB Ange Ahoussou
3%
Legia Warsaw FW Antonio Čolak
3%
Zrinjski Mostar AM Antonio Ivancic
3%
Young Boys CM Armin Gigovic
3%
Legia Warsaw CB Artur Jędrzejczyk
3%
FCSB DM Baba Alhassan
3%
Jagiellonia LB Bartłomiej Wdowik
3%
Raków CB Bogdan Racovitan
3%
Red Imps LM Boubacar Dabo
3%
Malmö LB Busanello
3%
Ludogorets RW Caio Vidal
3%
Ferencvaros LW Callum O'Dowda
3%
Qarabag FW Camilo Marques
3%
Young Boys FW Chris Bedia
3%
Young Boys FW Christian Fassnacht
3%
Rapid Wien FW Claudy M'Buyi
3%
FCSB RB Daniel Graovac
3%
FCSB AM Darius Olaru
3%
FCSB LB David Kiki
3%
FCSB RW David Miculescu
3%
Rijeka CM Dejan Petrovič
3%
FCSB FW Denis Alibec
3%
AZ Alkmaar RB Denso Kasius
3%
Zrinjski Mostar CB Duje Dujmović
3%
Jagiellonia CB Dušan Stojinovič
3%
Dynamo Kyiv FW Eduardo Guerrero
3%
Ludogorets CB Edvin Kurtulus
3%
Brann CB Eivind Helland
3%
Panathinaikos DM Emmanouil Siopis
3%
Ludogorets LW Erick Marcus
3%
Go Ahead Eagles DM Evert Linthorst
3%
AC Omonia RW Ewandro
3%
Brann LM Felix Myhre
3%
AC Omonia LM Fotios Kitsos
3%
AC Omonia GK Francis Uzoho
3%
NK Celje FW Franko Kovačević
3%
Raków CB Fran Tudor
3%
Lausanne-Sport LM Gabriel Sigua
3%
Lausanne-Sport FW Gaoussou Diakite
3%
Rayo Vallecano DM Gerard Gumbau
3%
Go Ahead Eagles CB Gerrit Nauber
3%
Panathinaikos RB Giannis Kotsiras
3%
Zrinjski Mostar GK Goran Karaćić
3%
AEK Athens CB Harold Moukoudi
3%
Red Imps RB Ibrahim Ayew
3%
AC Omonia CM Ioannis Kousoulos
3%
Strasbourg CB Ismaël Doukouré
3%
Maccabi Tel Aviv DM Issouf Sissokho
3%
Raków LW Ivi
3%
Aberdeen CB Jack Milne
3%
Go Ahead Eagles CM Jakob Breum
3%
Sigma Olomouc CB Jan Král
3%
Young Boys LB Jaouen Hadjam
3%
Young Boys LM Joel Monteiro
3%
Rayo Vallecano CB Jozhua Vertrouwd
3%
FCSB LW Juri Cisotti
3%
Legia Warsaw RM Kacper Urbanski
3%
Zrinjski Mostar RW Karlo Abramović
3%
Raków CM Karol Struski
3%
Jagiellonia DM Leon Flach
3%
Strasbourg RB Lucas Høgsberg
3%
AÉK Lárnaka DM Luís Gustavo Ledes
3%
FCSB DM Malcolm Edjouma
3%
Zrinjski Mostar LW Mario Čuže
3%
BK Häcken CB Marius Lode
3%
Zrinjski Mostar RB Marko Vranjković
3%
Brann GK Mathias Dyngeland
3%
Strasbourg RM Mathis Amougou
3%
Go Ahead Eagles LW Mathis Suray
3%
Go Ahead Eagles CB Melle Meulensteen
3%
Raków RM Michael Ameyaw
3%
Shakhtar Donetsk CB Mykola Matviyenko
3%
Red Imps LB Nano
3%
Zrinjski Mostar FW Nemanja Bilbija
3%
Rapid Wien CB Nenad N. Cvetković
3%
Rapid Wien GK Niklas Hedl
3%
AEK Athens CM Orbelín Pineda
3%
Maccabi Tel Aviv RW Osher Davida
3%
Jagiellonia LW Oskar Pietuszewski
3%
Raków CM Oskar Repka
3%
Malmö CM Otto Rosengren
3%
Zrinjski Mostar LB Petar Mamić
3%
Maccabi Tel Aviv CB Raz Shlomo
3%
Maccabi Tel Aviv GK Roei Mashpati
3%
Rapid Wien DM Romeo Amane
3%
AZ Alkmaar LM Ro-Zangelo Daal
3%
AC Omonia FW Ryan Mmaee
3%
Brann RW Sævar Magnússon
3%
FCSB CB Siyabonga Ngezana
3%
Zrinjski Mostar CB Slobodan Jakovljević
3%
AC Omonia CB Stefan Simić
3%
FCSB GK Stefan Târnovanu
3%
AZ Alkmaar CM Sven Mijnans
3%
Jagiellonia DM Taras Romanchuk
3%
Rapid Wien AM Tobias Gulliksen
3%
Rijeka CM Toni Fruk
3%
Red Imps RB Toni Kolega
3%
Ferencvaros CB Toon Raemaekers
3%
Maccabi Tel Aviv RB Tyrese Asante
3%
Shakhtar Donetsk CB Valerii Bondar
3%
Sparta Prague LW Veljko Birmančević
3%
Brann LB Vetle Dragsnes
3%
AZ Alkmaar RM Weslley Patati
3%
Legia Warsaw LM Wojciech Urbanski
3%
Ludogorets FW Yves Bile
3%
AÉK Lárnaka GK Zlatan Alomerović
3%
Ferencvaros FW Zsombor Gruber
3%
Breiðablik LM Ágúst Orri Þorsteinsson
2%
KF Drita CM Albert Dabiqaj
2%
Shkëndija 79 RB Aleksandër Trumci
2%
AZ Alkmaar CB Alexandre Penetra
2%
Dynamo Kyiv CB Aliou Thiaré
2%
KF Drita AM Almir Ajzeraj
2%
Viktoria Plzeň WB Amar Memić
2%
Rijeka CB Anel Husic
2%
Ħamrun Spartans FC CM Ante Ćorić
2%
Rijeka RB Ante Orec
2%
Breiðablik GK Anton Ari Einarsson
2%
Red Imps FW Antonio García Montero
2%
Breiðablik CB Anton Logi Lúðvíksson
2%
KF Drita FW Arb Manaj
2%
Sigma Olomouc LW Artūr Dolžnikov
2%
Shkëndija 79 GK Baboucarr Gaye
2%
Jagiellonia CB Bernardo Vital
2%
Shkëndija 79 FW Besart Ibraimi
2%
KF Drita WB Besnik Krasniqi
2%
Lausanne-Sport AM Beyatt Lekoueiry
2%
Lausanne-Sport RM Brandon Soppy
2%
Lausanne-Sport CB Bryan Okoh
2%
AC Omonia CM Carel Eiting
2%
Viktoria Plzeň CM Cheick Souaré
2%
Breiðablik CB Damir Muminovic
2%
Rijeka FW Daniel Adu-Adjei
2%
Young Boys RM Darian Males
2%
AZ Alkmaar CM Dave Kwakman
2%
FC Noah LB David Sualehe
2%
Sigma Olomouc AM David Tkac
2%
AEK Athens LM Dereck Kutesa
2%
Ħamrun Spartans FC RM Domantas Šimkus
2%
KuPS CM Doni Arifi
2%
KF Drita CB Egzon Bejtulai
2%
Sturm Graz CB Emanuel Aiwum
2%
Shkëndija 79 AM Endrit Krasniqi
2%
FC Noah RB Eric Boakye
2%
BK Häcken GK Etrit Berisha
2%
Shkëndija 79 RW Fabrice Tamba
2%
KF Drita GK Faton Maloku
2%
AEK Athens CB Filipe Relvas
2%
Sigma Olomouc RB Filip Slavíček
2%
Brann CB Fredrik Pallesen Knudsen
2%
Sigma Olomouc RW Ghali Ahmad
2%
Red Imps CM Graeme Torilla
2%
Slovan Bratislava CB Guram Kashia
2%
Ħamrun Spartans FC GK Henry Bonello
2%
Breiðablik CM Höskuldur Gunnlaugsson
2%
AÉK Lárnaka CB Hrvoje Miličević
2%
Shkëndija 79 CB Imran Fetai
2%
KuPS LM Jaakko Oksanen
2%
Sigma Olomouc GK Jan Koutny
2%
Sparta Prague FW Jan Kuchta
2%
Viktoria Plzeň CB Jan Paluska
2%
Sparta Prague CB Jaroslav Zelený
2%
AÉK Lárnaka LB Jérémie Gnali
2%
Aberdeen LW Jesper Karlsson
2%
Sigma Olomouc LB Jiří Sláma
2%
KuPS GK Johannes Kreidl
2%
KF Drita CB Jorgo Pellumbi
2%
Ħamrun Spartans FC RW Joseph Mbong
2%
NK Celje CB Juanjo Nieto
2%
Rijeka LB Justas Lasickas
2%
Legia Warsaw RW Kacper Chodyna
2%
Raków GK Kacper Trelowski
2%
Shkëndija 79 DM Kamer Qaka
2%
Lausanne-Sport GK Karlo Letica
2%
Lausanne-Sport RB Kevin Mouanga
2%
Shkëndija 79 CB Klisman Cake
2%
Dynamo Kyiv CB Kristian Bilovar
2%
Breiðablik LB Kristinn Jónsson
2%
Breiðablik RM Kristinn Steindórsson
2%
Breiðablik FW Kristófer Kristinsson
2%
Slovan Bratislava DM Kyriakos Savvidis
2%
KF Drita AM Liridon Balaj
2%
Shkëndija 79 LW Liridon Latifi
2%
AEK Athens RB Llazaros Rota
2%
Young Boys CB Loris Benito
2%
Rijeka CM Luka Menalo
2%
Viktoria Plzeň CM Lukáš Červ
2%
NK Celje CB Łukasz Bejger
2%
Legia Warsaw RB Marco Burch
2%
AÉK Lárnaka RW Marcus Rohdén
2%
FC Noah LM Marin Jakoliš
2%
AEK Athens CM Marko Grujić
2%
Aberdeen FW Marko Lazetić
2%
Viktoria Plzeň GK Martin Jedlička
2%
Sparta Prague LM Martin Suchomel
2%
Rijeka GK Martin Zlomislić
2%
Young Boys GK Marvin Keller
2%
Sigma Olomouc FW Matěj Mikulenka
2%
Viktoria Plzeň WB Merchas Doski
2%
Sigma Olomouc DM Michal Beran
2%
Rijeka CB Mladen Devetak
2%
FC Noah FW Nardin Mulahusejnović
2%
FC Noah CB Nathanaël Saintini
2%
Zrinjski Mostar DM Neven Đurasek
2%
AEK Athens RM Niclas Eliasson
2%
Ħamrun Spartans FC CB Ognjen Bjeličić
2%
Dynamo Kyiv RM Oleksandr Tymchyk
2%
Dynamo Kyiv CM Oleksandr Yatsyk
2%
Lausanne-Sport DM Olivier Custodio
2%
Samsunspor CM Olivier Ntcham
2%
KuPS RW Otto Ruoppi
2%
Sparta Prague RM Pavel Kadeřábek
2%
AÉK Lárnaka DM Pere Pons
2%
Legia Warsaw LW Petar Stojanović
2%
KuPS LW Petteri Pennanen
2%
Ħamrun Spartans FC FW Philippe Koffi
2%
KF Drita CB Raddy Ovouka
2%
Ħamrun Spartans FC RB Rafael Compri
2%
Viktoria Plzeň FW Rafiu Durosinmi
2%
Shkëndija 79 DM Reshat Ramadani
2%
AÉK Lárnaka FW Riad Bajić
2%
Shkëndija 79 LB Ronaldo Webster
2%
Dynamo Kyiv GK Ruslan Neshcheret
2%
Ħamrun Spartans FC LB Ryan Camenzuli
2%
AC Omonia CB Saad Agouzoul
2%
Maccabi Tel Aviv LW Sagiv Yehezkel
2%
KuPS RB Saku Savolainen
2%
KuPS RM Samuel Pasanen
2%
KuPS CB Samuli Miettinen
2%
FC Noah CB Sergei Muradyan
2%
Ħamrun Spartans FC LW Serigne Thioune
2%
AEK Athens LB Stavros Pilios
2%
Rijeka CB Stjepan Radeljić
2%
Aberdeen CM Stuart Armstrong
2%
FC Noah CM Takuto Oshima
2%
KuPS LB Taneli Hämäläinen
2%
Young Boys CB Tanguy Zoukrou
2%
Dynamo Kyiv CB Taras Mykhavko
2%
Lausanne-Sport FW Theo Bair
2%
Sigma Olomouc DM Tihomir Kostadinov
2%
FC Noah GK Timothy Fayulu
2%
Viktoria Plzeň CM Tomáš Ladra
2%
Raków LW Tomasz Pieńko
2%
Viktoria Plzeň CB Václav Jemelka
2%
AÉK Lárnaka CB Valentin Roberge
2%
Breiðablik RB Valgeir Valgeirsson
2%
KF Drita CM Vesel Limaj
2%
KF Drita AM Veton Tusha
2%
Breiðablik CM Viktor Karl Einarsson
2%
Breiðablik CB Viktor Örn Margeirsson
2%
Ħamrun Spartans FC CB Vincenzo Polito
2%
Dynamo Kyiv LM Vladyslav Dubinchak
2%
Dynamo Kyiv CM Volodymyr Brazhko
2%
FC Noah DM Yan Brice Eteki
2%
Shakhtar Donetsk DM Yehor Nazaryna
2%
AÉK Lárnaka AM Yerson Chacón
2%
NK Celje CM Žan Karničnik
2%
Shamrock Rovers CM Aaron McEneff
0%
BK Häcken LB Adam Lundqvist
0%
Sparta Prague CB Adam Sevinsky
0%
BK Häcken RM Adrian Svanbäck
0%
Slovan Bratislava WB Alasana Yirajang
0%
CS U Craiova CM Alexandru Cicâldău
0%
CS U Craiova CM Alexandru Crețu
0%
Aberdeen CB Alfie Dorrington
0%
Shelbourne FC FW Ali Coote
0%
Aberdeen CM Ante Palaversa
0%
Samsunspor LM Anthony Musaba
0%
NK Celje CB Artemijus Tutyškinas
0%
CS U Craiova FW Assad Al Hamalawi
0%
Samsunspor CM Carlo Holse
0%
Samsunspor DM Celil Yüksel
0%
Slovan Bratislava WB César Blackman
0%
Shamrock Rovers CB Cory O'Sullivan
0%
Shamrock Rovers CB Daniel Cleary
0%
NK Celje WB Danijel Šturm
0%
Shamrock Rovers WB Danny Grant
0%
NK Celje CM Darko Hrka
0%
Shamrock Rovers CM Darragh Nugent
0%
Aberdeen GK Dimitar Mitov
0%
Shakhtar Donetsk GK Dmytro Riznyk
0%
Slovan Bratislava GK Dominik Takáč
0%
Shamrock Rovers GK Ed McGinty
0%
BK Häcken CB Filip Helander
0%
AÉK Lárnaka RB Godswill Ekpolo
0%
BK Häcken RB Harry Hilvenius
0%
Shelbourne FC CB James Norris
0%
Shamrock Rovers FW John McGovern
0%
Shelbourne FC CM Jonathan Lunney
0%
Shamrock Rovers WB Joshua Honohan
0%
BK Häcken RB Julius Lindberg
0%
CS U Craiova CB Juraj Badelj
0%
Shelbourne FC CB Kameron Ledwidge
0%
Slovan Bratislava CB Kenan Bajrić
0%
Shelbourne FC CM Kerr McInroy
0%
Aberdeen RW Leighton Clarkson
0%
Samsunspor LB Logi Tómasson
0%
Samsunspor CB Ľubomír Šatka
0%
NK Celje AM Mario Kvesić
0%
Samsunspor FW Marius Mouandilmadji
0%
Slovan Bratislava FW Marko Tolić
0%
Aberdeen CB Mats Knoester
0%
Shamrock Rovers CM Matt Healy
0%
Shelbourne FC RB Milan Mbeng
0%
Shelbourne FC FW Mipo Odubeko
0%
Aberdeen RM Nicky Devlin
0%
CS U Craiova LW Nicușor Bancu
0%
NK Celje WB Nikita Iosifov
0%
Slovan Bratislava FW Nino Marcelli
0%
Jagiellonia RB Norbert Wojtuszek
0%
Samsunspor GK Okan Kocuk
0%
Shakhtar Donetsk CM Oleh Ocheretko
0%
Shelbourne FC CB Paddy Barrett
0%
CS U Craiova GK Pavlo Isenko
0%
Shamrock Rovers CB Pico
0%
Slovan Bratislava DM Rahim Ibrahim
0%
Shamrock Rovers FW Rory Gaffney
0%
Slovan Bratislava CB Sandro Cruz
0%
Shelbourne FC CB Sean Gannon
0%
BK Häcken CM Simon Gustafson
0%
Sparta Prague CM Sivert Mannsverk
0%
CS U Craiova FW Stefan Baiaram
0%
Slovan Bratislava DM Tigran Barseghyan
0%
Aberdeen LM Topi Keskinen
0%
CS U Craiova DM Tudor Băluță
0%
NK Celje AM Vitaly Lisakovich
0%
CS U Craiova CB Vladimir Screciu
0%
AÉK Lárnaka LW Waldo Rubio
0%
Shelbourne FC GK Wessel Speel
0%
NK Celje GK Žan Leban
0%
Samsunspor RB Zeki Yavru
0%
No matching quizzes found
Score Distribution
Percent of People with Each Score
Percentile by Number Answered
Your Score History
You have not taken this quiz